000 00727nam a2200205Ii 4500
003 JO-AjNU
008 230605s9999||||xx |||||||||||||| ||und||
040 _aJO-AjNU
_bara
_erda
_cJO-AjNU
041 _aara
050 1 4 _aBP148.I4784 1998
100 3 _aتاليف العقاد، الخواص الشيخ,
_eauthor
_915266
245 0 0 _aالإجنهاد والتجديد في الشريعة الأسلامية بين تأكيد الحقائق وتفنيد المزاعم
250 _aط1
264 3 1 _aبيروت: دار الجيل، 1998
300 _a287ص
336 _atext
_btxt
_2rdacontent
337 _aunmediated
_bn
_2rdamedia
338 _avolume
_bnc
_2rdacarrier
650 4 _aاجتهاد-( الاسلام)
_915267
999 _aA4270
_c7838
_d7838